Sociological Research: (Record no. 3085)

MARC details
000 -LEADER
fixed length control field 00552nam a2200205 4500
003 - CONTROL NUMBER IDENTIFIER
control field OSt
005 - DATE AND TIME OF LATEST TRANSACTION
control field 20210401125803.0
008 - FIXED-LENGTH DATA ELEMENTS--GENERAL INFORMATION
fixed length control field 160226b xxu||||| |||| 00| 0 eng d
020 ## - INTERNATIONAL STANDARD BOOK NUMBER
International Standard Book Number 0333666321
040 ## - CATALOGING SOURCE
Transcribing agency 040a
082 ## - DEWEY DECIMAL CLASSIFICATION NUMBER
Classification number 301 DEV 1999
100 ## - MAIN ENTRY--PERSONAL NAME
Personal name Devine, Fiona; Heath, Sue
9 (RLIN) 6844
245 ## - TITLE STATEMENT
Title Sociological Research:
Remainder of title methods in context
260 ## - PUBLICATION, DISTRIBUTION, ETC. (IMPRINT)
Place of publication, distribution, etc. Hampshire
Name of publisher, distributor, etc. Macmillan press
Date of publication, distribution, etc. 1999
300 ## - PHYSICAL DESCRIPTION
Extent x, 228p;
Other physical details ill :
Dimensions 8 cm
504 ## - BIBLIOGRAPHY, ETC. NOTE
Bibliography, etc includes index
650 ## - SUBJECT ADDED ENTRY--TOPICAL TERM
Topical term or geographic name as entry element Research methods
9 (RLIN) 6833
650 ## - SUBJECT ADDED ENTRY--TOPICAL TERM
Topical term or geographic name as entry element Sociology
9 (RLIN) 2259
942 ## - ADDED ENTRY ELEMENTS (KOHA)
Source of classification or shelving scheme Dewey Decimal Classification
Koha item type Short Loan
Holdings
Withdrawn status Lost status Source of classification or shelving scheme Damaged status Not for loan Home library Current library Date acquired Source of acquisition Inventory number Total Checkouts Full call number Barcode Date last seen Koha item type
    Dewey Decimal Classification     MUST Main Library MUST Main Library 26/02/2016 Purchase 01/16156   301 DEV 1999 2016-0231 26/02/2016 Short Loan
    Dewey Decimal Classification     MUST Main Library MUST Main Library 26/02/2016 Purchase 03/19090   301 DEV 1999 2016-0232 26/02/2016 Short Loan
    Dewey Decimal Classification     MUST Main Library MUST Main Library 10/03/2016 Purchase 03/19091   301 DEV 1999 2016-0424 10/03/2016 Short Loan